| 000 | 01124cad a22002295a 4500 | ||
|---|---|---|---|
| 001 | E143900 | ||
| 008 | 080605s2007 stk f a000 0 eng u | ||
| 020 | _a9780755965533 | ||
| 022 | 1 | _a1741-1203 | |
| 035 | _a(Sirsi) u143900 | ||
| 041 | 0 | _aeng | |
| 050 | 0 | 4 | _a711.1 $2 18 |
| 110 | 1 |
_aScotland _bScottish Executive _bDevelopment Department |
|
| 245 | 0 | 0 |
_aPlanning for fish farming _bScottish planning policy SPP 22 _h[electronic resource] |
| 260 |
_aEdinburgh _bScottish Executive _c2007 |
||
| 490 | 0 |
_aScottish Planning Policies _vSPP 22 |
|
| 520 | _aSets out the planning context for the drawing up of development plans by planning authorities that relate to the location of proposed new fish farms. Also offers advice on issues to be considered when looking at proposals for new, or alterations to existing, marine or freshwater fish farms. | ||
| 651 | 4 |
_aScotland _y1999- |
|
| 690 | _aENVIRONMENTAL AND LAND CONSULTANCY-PLANNING AND DEVELOPMENT-PLANNING GUIDANCE | ||
| 856 | 4 | 1 |
_uhttps://www.scotland.gov.uk/Publications/2007/03/29102058/0 _zView the guidance free of charge at www.scotland.gov.uk... |
| 942 | _n0 | ||
| 999 |
_c108313 _d108313 |
||